Lepší šance na přežití

Konkurzné právo v Nemecku. Podnikom, ktoré sa dostanú do úpadku, hrozí rozpredaj ich aktív a tým aj zánik podniku. Pre dlžníka to znamená stratu majetku, pre zamestnancov stratu práce. Novela konkurzného práva sa snaží odvrátiť alebo oddialiť tieto dopady.

Na minha lista:
Detalhes bibliográficos
Autor principal: Klusoň, Václav
Formato: Capítulo de Livro
Idioma:tcheco
Assuntos:
Tags: Adicionar Tag
Sem tags, seja o primeiro a adicionar uma tag!

MARC

LEADER 00000naa a2200000 4500
001 r035986
005 20230920095946.1
041 0 |a cze 
044 |a CZ 
245 1 0 |a Lepší šance na přežití  |c Václav Klusoň 
520 |a Konkurzné právo v Nemecku. Podnikom, ktoré sa dostanú do úpadku, hrozí rozpredaj ich aktív a tým aj zánik podniku. Pre dlžníka to znamená stratu majetku, pre zamestnancov stratu práce. Novela konkurzného práva sa snaží odvrátiť alebo oddialiť tieto dopady. 
610 2 0 |a právo obchodné 
610 2 0 |a konkurzy 
610 2 0 |a podnik 
610 2 0 |a zamestnanci 
610 2 0 |a likvidácia podniku 
610 2 0 |a reštrukturalizácia 
610 2 0 |a súdy 
610 2 0 |a Nemecko 
100 1 |a Klusoň, Václav